Geography Quiz

Random Geography or City Quiz

European Country by Capital Letter Quiz Stats

 Plays Quiz Updated Jun 24, 2017

Challenge
Share
Tweet
Embed
Score 0/47 Timer 05:00
1 Play Today
% Correct
Belgium
86.6%
Vatican City
85.3%
Germany
82%
Andorra
79.5%
Sweden
79.1%
United Kingdom
78.6%
France
78.4%
Poland
77.9%
Norway
77.4%
Spain
77.2%
Monaco
74.8%
Greece
74.7%
Italy
74.5%
Portugal
73.8%
Luxembourg
73.4%
Denmark
73%
Austria
72.7%
San Marino
70.2%
Switzerland
70.2%
Russia
69.5%
Iceland
69.2%
Hungary
69%
Croatia
68.6%
Ireland
68.5%
% Correct
Czechia
68.3%
Netherlands
67.6%
Turkey
67.5%
Finland
66.1%
Romania
64.1%
Bulgaria
63.4%
Ukraine
62.1%
Estonia
60.8%
Malta
60%
Liechtenstein
59.8%
Lithuania
59.3%
Albania
58.8%
Latvia
58.8%
Bosnia and Herzegovina
57.7%
Serbia
56.4%
Belarus
56.2%
Cyprus
55.6%
Slovakia
53.9%
Kosovo
50.4%
Slovenia
50.3%
Montenegro
47.2%
Moldova
46%
Macedonia
44.3%

You're not logged in!

Compare scores with friends on all Sporcle quizzes.
OR
Log In

You Might Also Like...

Show Comments

Extras

Top Quizzes Today


Score Distribution

Your Account Isn't Verified!

In order to create a playlist on Sporcle, you need to verify the email address you used during registration. Go to your Sporcle Settings to finish the process.

Report this User

Report this user for behavior that violates our Community Guidelines.

Details: